| 000 | 00833cam a22002291 4500 | ||
|---|---|---|---|
| 001 | g 01000972 | ||
| 003 | DLC | ||
| 005 | 20260227111253.0 | ||
| 008 | 850708s1899 au 000 0 ger | ||
| 010 | _ag 01000972 | ||
| 035 | _a(OCoLC)12241444 | ||
| 040 |
_aDLC _cTxHR _dDLC |
||
| 042 | _apremarc | ||
| 050 | 0 | 0 |
_aHJ3971 _b.F9 |
| 100 | 1 | _aFreiberger, Gustav. | |
| 245 | 1 | 0 |
_aHandbuch der österreichischen directen steuern in systematischer Darstellung _b(unter vergleichender Rücksichtnahme auf die ausländische Gesetzgebung) _cvon Gustav Freiburger. |
| 250 | _a2., vollständig neubearb. Aufl. | ||
| 260 |
_aWien, _bManz'sche K. u. k. Hoffverlags und Universitäts-Buchhandlung, _c1899. |
||
| 300 |
_axvii, 664 p. _c23 cm. |
||
| 650 | 0 |
_aTaxation _xLaw and legislation _zAustria. |
|
| 650 | 0 |
_aTaxation _xLaw and legislation. |
|
| 999 |
_c23609 _d23609 |
||